000 00815nam a22002177a 4500
003 UA-OsUOA
001 119312
007 ta
008 20161019b un ||||| |||| 00| 0 ukr d
100 _aПопова Л.
090 _a81
_bП58
942 _cSA
040 _aUA-OsUOA
_bukr
_cUA-OsUOA
_dUA-OsUOA
245 _aУроки розвитку мовлення як ефективна форма вдосконалення мовленнєвих умінь і навичок учнів профільної школи
300 _aС.20
955 _a0
041 _aukr
080 _a81
773 0 _w119309
_tУкраїнська мова і література в школі
_dК.
_d2016
_g4
650 7 _a8 Мовознавство. Художня література. Літературознавство
_2UDC
999 _c405402
_d405402